00645nam a2200181Ia 4500952014100000999001700141003000400158005001700162008004100179040000900220082001800229100002200247245009000269260003700359300000900396650001600405942004200421 00102ddc40708MATHEMATICSaMESbMEScMATd2019-02-20l1o515.35 KAR/Dp13356r2023-01-25 00:00:00s2023-01-19w2019-02-20yBKzGL24R3 c30833d30833OSt20200730144527.0190216s9999||||xx |||||||||||||| ||und|| coclc a515.35bKAR/D aKarade, T M93887 0aDifferential Equations Laplace Transform And Fourier Series /cT M Karade ; V Tulsani bS Chand & Co,c1984.aNew Delhi: a231p aMathematics cBK2ddch515.35iKAR/Dk515.35mKAR/D